000 00635cam a22002173a 4500
001 38976
003 PGUSA
005 20140828083848.0
008 120225s2012||||xxu|||||s|||||000 | eng d
040 _aPGUSA
_beng
042 _adc
100 1 _aMorgan, Mary de
245 1 4 _aThe Necklace of Princess Fiorimonde and other stories
_h[electronic resource] /
_cMary de Morgan
260 _bProject Gutenberg,
_c2012
506 _aPublic domain in the USA.
516 _aElectronic text
700 1 _aCrane, Walter,
_d1845-1915
830 0 _aProject Gutenberg
_v38976
856 4 0 _uhttp://www.gutenberg.org/ebooks/38976
942 _cEB
999 _c268229
_d268229